Arbres fruitiers - Statistiques

Statistiques générales
  • Ce quiz a été pris 384 fois
  • Le résultat moyen est 6 sur 22
Statistiques - réponses
Fruit Arbre ou plante % Correct
Datte Dattier
84%
Raisin Vigne
80%
Noix de coco Cocotier
75%
Ananas Ananas
54%
Coing Cognassier
47%
Mûre Ronce
42%
Pamplemousse Pamplemoussier
40%
Cassis Cassissier
33%
Figue de barbarie Figuier de barbarie
26%
Myrtille Myrtillier
25%
Kaki Plaqueminier
21%
Cacahuète Arachide
18%
Ramboutan Ramboutan
12%
Kiwi Actinidia
10%
Noix de cajou Anacardier
8%
Noix de pécan Pacanier
8%
Nèfle du Japon Bibacier
5%
Lime Limettier
5%
Prune d'Agen Icaquier
4%
Fruit de la passion Grenadille
3%
Noix de macadamia Noyer du Queensland
3%
Baie de goji Lyciet
1%
Aucun quiz correspondant
Distribution des résultats
% des personnes avec chaque résultat
Percentile par nombre de réponses
Votre historique - résultats
Vous n’avez pas pris ce quiz